000 00269nam a22001217a 4500
008 170802b xxu||||| |||| 00| 0 eng d
041 _aeng
080 _a004
100 _a32
101 _aSHK
245 _aA COURSE IN PROCESS DESIGN
_cSHERWOOD,TH.K
942 _2udc
_cBK
999 _c22524
_d22524